MARC

LEADER 00000nam0a2200000 4500
001 250008
005 20231101232526.0
010 |a 5120010261 
035 |a (RuTPU)RU\TPU\book\272146 
090 |a 250008 
100 |a 20140210d1989 k y0rusy50 ca 
101 0 |a rus 
102 |a UA 
105 |a y z 001zy 
200 1 |a Структура и смысл (формальные методы анализа в современной науке)  |f Академия наук Украинской ССР (АН УССР), Институт философии ; под ред. М. В. Поповича 
210 |a Киев  |c Наукова думка  |d 1989 
215 |a 232 с. 
320 |a Библиогр.: с. 218-227. 
606 1 |a Научное познание  |x Методология  |x Методы  |2 stltpush  |3 (RuTPU)RU\TPU\subj\45130  |9 64392 
610 1 |a структура 
610 1 |a смысл 
610 1 |a анализ 
610 1 |a логико-методологический анализ 
610 1 |a язык 
610 1 |a текст 
610 1 |a истинность 
610 1 |a гносеология 
610 1 |a логические схемы 
610 1 |a абстрагирование 
610 1 |a парадоксы 
686 |a Ю223  |v LBC/SL-A  |2 rubbk 
702 1 |a Попович  |b М. В.  |4 340 
712 0 2 |a Академия наук Украинской ССР (АН УССР)  |b Институт философии  |2 stltpush  |3 (RuTPU)RU\TPU\col\12865 
801 1 |a RU  |b 63413507  |c 20140210 
801 2 |a RU  |b 63413507  |c 20140212  |g RCR 
942 |c BK